[Event "GER-chT U12"]
[Site "Verden an der Aller"]
[Date "2007.12.29"]
[Round "5.4"]
[White "Grossklaus, Igor"]
[Black "Schmuecker, Felix"]
[Result "1-0"]
[WhiteElo "1191"]
[BlackElo "1077"]
[PlyCount "67"]
[EventDate "2007.12.27"]
[EventType "team-swiss"]
[EventRounds "7"]
[EventCountry "GER"]
[SourceTitle "EXT 2009"]
[Source "ChessBase"]
[SourceDate "2008.11.26"]
[SourceVersion "1"]
[SourceVersionDate "2008.11.26"]
[SourceQuality "1"]
[WhiteTeam "Wilhelmshaven U12"]
[BlackTeam "Leipzig BSG Chemie U12"]
[WhiteTeamCountry "GER"]
[BlackTeamCountry "GER"]

1. e4 d5 2. exd5 Nf6 3. Nc3 Nxd5 4. Nge2 Nxc3 5. Nxc3 e5 6. Bc4 Bc5 7. d3 Nc6 8. 0-0 0-0 9. Be3 Nd4 10. Na4 Be7 11. c3 Nc6 12. Bc5 Bxc5 13. Nxc5 b6 14. Qf3 Qd6 15. Ne4 Qd7 16. Bb5 Bb7 17. Rfe1 f5 18. Bc4+ Kh8 19. Ng5 Rae8 20. Nxh7 g6 21. Nxf8 Rxf8 22. Qh3+ Qh7 23. Qxh7+ Kxh7 24. Re3 Re8 25. Bd5 Kg7 26. Rb1 Ba8 27. f4 Kf6 28. b3 b5 29. fxe5+ Rxe5 30. Rxe5 Kxe5 31. c4 a6 32. Re1+ Kd6 33. Re8 Bb7 34. Rg8 1-0

[Event "GER-chT U12"]
[Site "Verden an der Aller"]
[Date "2007.12.28"]
[Round "3.4"]
[White "Grossklaus, Igor"]
[Black "Birnkraut, Tim"]
[Result "0-1"]
[WhiteElo "1191"]
[BlackElo "1007"]
[PlyCount "46"]
[EventDate "2007.12.27"]
[EventType "team-swiss"]
[EventRounds "7"]
[EventCountry "GER"]
[SourceTitle "EXT 2009"]
[Source "ChessBase"]
[SourceDate "2008.11.26"]
[SourceVersion "1"]
[SourceVersionDate "2008.11.26"]
[SourceQuality "1"]
[WhiteTeam "Wilhelmshaven U12"]
[BlackTeam "Brackel SF U12"]
[WhiteTeamCountry "GER"]
[BlackTeamCountry "GER"]

1. e4 e5 2. Nc3 Nf6 3. Bc4 Bc5 4. d3 Nc6 5. Bg5 d6 6. Na4 Bb6 7. Nxb6 axb6 8. f3 Be6 9. Bxe6 fxe6 10. Ne2 d5 11. 0-0 0-0 12. d4 Qd6 13. f4 exf4 14. Bxf4 e5 15. dxe5 Nxe5 16. Nc3 d4 17. Nb5 Qc5 18. Nxd4 Rad8 19. c3 b5 20. Qb3+ Kh8 21. Bxe5 Qxe5 22. Ne6 Ng4 23. Nxf8 Qxh2# 0-1